'Pic' a Quote - Monty Python and the Holy Grail Quiz Stats

 Plays Quiz Updated Jan 22, 2020

Support Sporcle.
Go Orange.
Score 0/18 Timer 05:00
0 Plays Today
% Correct
Castle
92%
Pram
87.6%
Bunny
86.7%
Armor
83.6%
Hand Grenade
82.2%
Swallow
80.2%
Shrubbery
77.9%
Duck
76.6%
Banana
75.9%
% Correct
Hamster
75.3%
Herring
74.9%
Robin
73.7%
Five
71.8%
Newt
71.2%
Swords
69.3%
Vache
65.9%
Donkey
65%
Coconuts
55.5%

You're not logged in!

Compare scores with friends on all Sporcle quizzes.
OR
Log In

From the Vault

Famous Artist by Painting 'Remake'

by Aprilli

We're not sure this is quite what the artist had in mind.
Remove Ads.
Support Sporcle.
Get the best of Sporcle when you Go Orange. This ad-free experience offers more features, more stats, and more fun while also helping to support Sporcle. Thank you for becoming a member.

Show Comments

Extras

Top Quizzes Today


Score Distribution

Your Account Isn't Verified!

In order to create a playlist on Sporcle, you need to verify the email address you used during registration. Go to your Sporcle Settings to finish the process.

Report this User

Report this user for behavior that violates our Community Guidelines.

Details: